Cycling All UCI World Tour Race Winners Since 2011 - Statistics

General Stats
  • This quiz has been taken 1,607 times
    1,551 since last reset
  • The average score is 203 of 306
Answer Stats
Year Race Team Nationality Answer % Correct
2013 Tour de Romandie Team Sky British Chris Froome
95%
2013 Critérium du Dauphiné Team Sky British Chris Froome
95%
2013 Tour de France Team Sky British Chris Froome
95%
2014 Tour de Romandie Team Sky British Chris Froome
95%
2015 Critérium du Dauphiné Team Sky British Chris Froome
95%
2015 Tour de France Team Sky British Chris Froome
95%
2016 Critérium du Dauphiné Team Sky British Chris Froome
95%
2016 Tour de France Team Sky British Chris Froome
95%
2017 Tour de France Team Sky British Chris Froome
95%
2017 Vuelta a España Team Sky British Chris Froome
95%
2018 Giro d'Italia Team Sky British Chris Froome
95%
2018 Tour of the Basque Country LottoNL–Jumbo Slovenian Primož Roglič
95%
2018 Tour de Romandie LottoNL–Jumbo Slovenian Primož Roglič
95%
2019 UAE Tour Team Jumbo–Visma Slovenian Primož Roglič
95%
2019 Tirreno–Adriatico Team Jumbo–Visma Slovenian Primož Roglič
95%
2019 Tour de Romandie Team Jumbo–Visma Slovenian Primož Roglič
95%
2019 Vuelta a España Team Jumbo–Visma Slovenian Primož Roglič
95%
2019 World Tour Champion Team Jumbo–Visma Slovenian Primož Roglič
95%
2011 Tour de Pologne Liquigas–Cannondale Slovakian Peter Sagan
93%
2013 Gent–Wevelgem Cannondale Slovakian Peter Sagan
93%
2013 GP de Montréal Cannondale Slovakian Peter Sagan
93%
2014 E3 Harelbeke Cannondale Slovakian Peter Sagan
93%
2016 Gent–Wevelgem Tinkoff Slovakian Peter Sagan
93%
2016 Tour of Flanders Tinkoff Slovakian Peter Sagan
93%
2016 GP de Québec Tinkoff Slovakian Peter Sagan
93%
2016 World Tour Champion Tinkoff Slovakian Peter Sagan
93%
2017 GP de Québec Bora–Hansgrohe Slovakian Peter Sagan
93%
2018 Gent–Wevelgem Bora–Hansgrohe Slovakian Peter Sagan
93%
2018 Paris–Roubaix Bora–Hansgrohe Slovakian Peter Sagan
93%
2019 Dwars door Vlaanderen Corendon–Circus Dutch Mathieu van der Poel
92%
2019 Amstel Gold Race Corendon–Circus Dutch Mathieu van der Poel
92%
2018 Tour of California Team Sky Colombian Egan Bernal
90%
2019 Paris–Nice Team Sky Colombian Egan Bernal
90%
2019 Tour de Suisse Team Ineos Colombian Egan Bernal
90%
2019 Tour de France Team Ineos Colombian Egan Bernal
90%
2019 Tour of California UAE Team Emirates Slovenian Tadej Pogačar
90%
2012 Tirreno–Adriatico Liquigas–Cannondale Italian Vincenzo Nibali
90%
2013 Tirreno–Adriatico Astana Italian Vincenzo Nibali
90%
2013 Giro d'Italia Astana Italian Vincenzo Nibali
90%
2014 Tour de France Astana Italian Vincenzo Nibali
90%
2015 Il Lombardia Astana Italian Vincenzo Nibali
90%
2016 Giro d'Italia Astana Italian Vincenzo Nibali
90%
2017 Il Lombardia Bahrain-Merida Italian Vincenzo Nibali
90%
2018 Milan–San Remo Bahrain-Merida Italian Vincenzo Nibali
90%
2014 La Flèche Wallonne Movistar Team Spanish Alejandro Valverde
88%
2014 Clásica de San Sebastián Movistar Team Spanish Alejandro Valverde
88%
2014 World Tour Champion Movistar Team Spanish Alejandro Valverde
88%
2015 La Flèche Wallonne Movistar Team Spainish Alejandro Valverde
88%
2015 Liège–Bastogne–Liège Movistar Team Spainish Alejandro Valverde
88%
2015 World Tour Champion Movistar Team Spanish Alejandro Valverde
88%
2016 La Flèche Wallonne Movistar Team Spanish Alejandro Valverde
88%
2017 Volta a Catalunya Movistar Team Spanish Alejandro Valverde
88%
2017 Tour of the Basque Country Movistar Team Spanish Alejandro Valverde
88%
2017 La Flèche Wallonne Movistar Team Spanish Alejandro Valverde
88%
2017 Liège–Bastogne–Liège Movistar Team Spanish Alejandro Valverde
88%
2018 Abu Dhabi Tour Movistar Team Spanish Alejandro Valverde
88%
2018 Volta a Catalunya Movistar Team Spanish Alejandro Valverde
88%
2015 E3 Harelbeke Team Sky British Geraint Thomas
88%
2016 Paris–Nice Team Sky British Geraint Thomas
88%
2018 Critérium du Dauphiné Team Sky British Geraint Thomas
88%
2018 Tour de France Team Sky British Geraint Thomas
88%
2012 Vuelta a España Saxo Bank–Tinkoff Bank Spanish Alberto Contador
86%
2014 Tirreno–Adriatico Tinkoff–Saxo Spanish Alberto Contador
86%
2014 Tour of the Basque Country Tinkoff–Saxo Spanish Alberto Contador
86%
2014 Vuelta a España Tinkoff–Saxo Spanish Alberto Contador
86%
2015 Giro d'Italia Tinkoff–Saxo Spainish Alberto Contador
86%
2016 Tour of the Basque Country Tinkoff Spanish Alberto Contador
86%
2018 La Flèche Wallonne Quick-Step Floors French Julian Alaphilippe
86%
2018 Liège–Bastogne–Liège Quick-Step Floors French Julian Alaphilippe
86%
2018 Clásica de San Sebastián Quick-Step Floors French Julian Alaphilippe
86%
2019 Strade Bianche Deceuninck–Quick-Step French Julian Alaphilippe
86%
2019 Milan–San Remo Deceuninck–Quick-Step French Julian Alaphilippe
86%
2019 La Flèche Wallonne Deceuninck–Quick-Step French Julian Alaphilippe
86%
2013 Tour of the Basque Country Movistar Team Colombian Nairo Quintana
85%
2014 Giro d'Italia Movistar Team Colombian Nairo Quintana
85%
2015 Tirreno–Adriatico Movistar Team Colombian Nairo Quintana
85%
2016 Volta a Catalunya Movistar Team Colombian Nairo Quintana
85%
2016 Tour de Romandie Movistar Team Colombian Nairo Quintana
85%
2016 Vuelta a España Movistar Team Colombian Nairo Quintana
85%
2017 Tirreno–Adriatico Movistar Team Colombian Nairo Quintana
85%
2011 Amstel Gold Race Omega Pharma–Lotto Belgian Philippe Gilbert
85%
2011 La Flèche Wallonne Omega Pharma–Lotto Belgian Philippe Gilbert
85%
2011 Liège–Bastogne–Liège Omega Pharma–Lotto Belgian Philippe Gilbert
85%
2011 Clásica de San Sebastián Omega Pharma–Lotto Belgian Philippe Gilbert
85%
2011 GP de Québec Omega Pharma–Lotto Belgian Philippe Gilbert
85%
2011 World Tour Champion Omega Pharma–Lotto Belgian Philippe Gilbert
85%
2014 Amstel Gold Race BMC Racing Team Belgian Philippe Gilbert
85%
2014 Tour of Beijing BMC Racing Team Belgian Philippe Gilbert
85%
2017 Tour of Flanders Quick-Step Floors Belgian Philippe Gilbert
85%
2017 Amstel Gold Race Quick-Step Floors Belgian Philippe Gilbert
85%
2019 Paris–Roubaix Deceuninck–Quick-Step Belgian Philippe Gilbert
85%
2011 Tirreno–Adriatico BMC Racing Team Australian Cadel Evans
83%
2011 Tour de Romandie BMC Racing Team Australian Cadel Evans
83%
2011 Tour de France BMC Racing Team Australian Cadel Evans
83%
2011 Gent–Wevelgem Quick-Step Belgian Tom Boonen
83%
2012 E3 Harelbeke Omega Pharma-Quick-Step Belgian Tom Boonen
83%
2012 E3 Harelbeke Omega Pharma-Quick-Step Belgian Tom Boonen
83%
2012 Gent–Wevelgem Omega Pharma-Quick-Step Belgian Tom Boonen
83%
2012 Tour of Flanders Omega Pharma-Quick-Step Belgian Tom Boonen
83%
2012 Paris–Roubaix Omega Pharma-Quick-Step Belgian Tom Boonen
83%
2015 Clásica de San Sebastián Orica–GreenEDGE British Adam Yates
81%
2015 Amstel Gold Race Etixx–Quick-Step Polish Michał Kwiatkowski
81%
2016 E3 Harelbeke Team Sky Polish Michał Kwiatkowski
81%
2019 Giro d'Italia Movistar Team Ecuadorian Richard Carapaz
81%
2018 Vuelta a España Mitchelton–Scott British Simon Yates
81%
2018 World Tour Champion Mitchelton–Scott British Simon Yates
81%
2018 Il Lombardia Groupama–FDJ French Thibaut Pinot
81%
2011 Critérium du Dauphiné Sky Procycling British Bradley Wiggins
80%
2012 Paris–Nice Team Sky British Bradley Wiggins
80%
2012 Tour de Romandie Team Sky British Bradley Wiggins
80%
2012 Critérium du Dauphiné Team Sky British Bradley Wiggins
80%
2012 Tour de France Team Sky British Bradley Wiggins
80%
2017 Strade Bianche Team Sky Polish Michał Kwiatkowski
80%
2017 Milan–San Remo Team Sky Polish Michał Kwiatkowski
80%
2017 Clásica de San Sebastián Team Sky Polish Michał Kwiatkowski
80%
2018 Tirreno–Adriatico Team Sky Polish Michał Kwiatkowski
80%
2018 Tour de Pologne Team Sky Polish Michał Kwiatkowski
80%
2013 E3 Harelbeke RadioShack–Leopard Swiss Fabian Cancellara
79%
2013 Tour of Flanders RadioShack–Leopard Swiss Fabian Cancellara
79%
2013 Paris–Roubaix RadioShack–Leopard Swiss Fabian Cancellara
79%
2014 Tour of Flanders Trek Factory Racing Swiss Fabian Cancellara
79%
2016 Tirreno–Adriatico BMC Racing Team Belgian Greg Van Avermaet
79%
2016 GP de Montréal BMC Racing Team Belgian Greg Van Avermaet
79%
2017 Omloop Het Nieuwsblad BMC Racing Team Belgian Greg Van Avermaet
79%
2017 E3 Harelbeke BMC Racing Team Belgian Greg Van Avermaet
79%
2017 Gent–Wevelgem BMC Racing Team Belgian Greg Van Avermaet
79%
2017 Paris–Roubaix BMC Racing Team Belgian Greg Van Avermaet
79%
2017 World Tour Champion BMC Racing Team Belgian Greg Van Avermaet
79%
2019 GP de Montréal CCC Team Belgian Greg Van Avermaet
79%
2014 Milan–San Remo Team Katusha Norwegian Alexander Kristoff
78%
2014 Vattenfall Cyclassics Team Katusha Norwegian Alexander Kristoff
78%
2015 Tour of Flanders Team Katusha Norwegian Alexander Kristoff
78%
2015 GP Ouest-France Team Katusha Norwegian Alexander Kristoff
78%
2017 Eschborn-Frankfurt – Rund um den Finanzplatz Team Katusha–Alpecin Norwegian Alexander Kristoff
78%
2017 RideLondon–Surrey Classic Team Katusha–Alpecin Norwegian Alexander Kristoff
78%
2018 Eschborn–Frankfurt UAE Team Emirates Norwegian Alexander Kristoff
78%
2019 Gent–Wevelgem UAE Team Emirates Norwegian Alexander Kristoff
78%
2013 Paris–Nice Team Sky Australian Richie Porte
77%
2015 Paris–Nice Team Sky Australian Richie Porte
77%
2015 Volta a Catalunya Team Sky Australian Richie Porte
77%
2017 Giro d'Italia Team Sunweb Dutch Tom Dumoulin
77%
2017 Critérium du Dauphiné Astana Danish Jakob Fuglsang
76%
2019 Liège–Bastogne–Liège Astana Danish Jakob Fuglsang
76%
2019 Critérium du Dauphiné Astana Danish Jakob Fuglsang
76%
2017 Tour Down Under BMC Racing Team Australian Richie Porte
75%
2017 Tour de Romandie BMC Racing Team Australian Richie Porte
75%
2018 Tour de Suisse BMC Racing Team Australian Richie Porte
75%
2014 Giro di Lombardia Garmin-Sharp Irish Daniel Martin
74%
2013 Volta a Catalunya Garmin–Sharp Irish Dan Martin
74%
2013 Liège–Bastogne–Liège Garmin-Sharp Irish Dan Martin
74%
2018 GP de Québec Team Sunweb Australian Michael Matthews
74%
2018 GP de Montréal Team Sunweb Australian Michael Matthews
74%
2019 GP de Québec Team Sunweb Australian Michael Matthews
74%
2011 Tour of Beijing HTC–Highroad German Tony Martin
74%
2012 Tour of Beijing Omega Pharma–Quick-Step German Tony Martin
74%
2019 Clásica de San Sebastián Deceuninck–Quick-Step Belgian Remco Evenepoel
73%
2011 Paris-Nice HTC–Highroad German Tony Martin
73%
2019 Il Lombardia Trek–Segafredo Dutch Bauke Mollema
72%
2012 La Flèche Wallonne Team Katusha Spanish Joaquim Rodríguez
70%
2012 Giro di Lombardia Team Katusha Spanish Joaquim Rodriguez
70%
2012 World Tour Champion Team Katusha Spanish Joaquim Rodríguez
70%
2013 Giro di Lombardia Team Katusha Spanish Joaquim Rodríguez
70%
2013 World Tour Champion Team Katusha Spanish Joaquim Rodríguez
70%
2014 Volta a Catalunya Team Katusha Spanish Joaquim Rodríguez
70%
2015 Tour of the Basque Country Team Katusha Spanish Joaquim Rodríguez
70%
2016 Clásica de San Sebastián Trek–Segafredo Dutch Bauke Mollema
69%
2011 GP de Montréal Movistar Team Portuguese Rui Costa
69%
2012 Tour de Suisse Movistar Team Portuguese Rui Costa
69%
2013 Tour de Suisse Movistar Team Portugese Rui Costa
69%
2014 Tour de Suisse Lampre–Merida Portuguese Rui Costa
69%
2017 Abu Dhabi Tour UAE Team Emirates Portuguese Rui Costa
68%
2019 Tour of Guangxi Deceuninck–Quick-Step Spanish Enric Mas
67%
2013 Eneco Tour Omega Pharma–Quick-Step Czech Zdeněk Štybar
67%
2019 Omloop Het Nieuwsblad Deceuninck–Quick-Step Czech Zdeněk Štybar
67%
2019 E3 BinckBank Classic Deceuninck–Quick-Step Czech Zdeněk Štybar
67%
2015 Vuelta a España Astana Italian Fabio Aru
66%
2019 Tour of Flanders EF Education First Pro Cycling Italian Alberto Bettiol
65%
2015 Vattenfall Cyclassics Lotto-Soudal German André Greipel
64%
2018 BinckBank Tour Bahrain-Merida Slovenian Matej Mohorič
64%
2012 Vattenfall Cyclassics FDJ–BigMat French Arnaud Demare
63%
2016 Milan–San Remo FDJ French Arnaud Démare
63%
2017 EuroEyes Cyclassics Team Sky Italian Elia Viviani
62%
2017 Bretagne Classic Ouest–France Team Sky Italian Elia Viviani
62%
2018 EuroEyes Cyclassics Quick-Step Floors Italian Elia Viviani
62%
2019 Great Ocean Road Race Deceuninck-Quick-Step Italian Elia Viviani
62%
2019 RideLondon–Surrey Classic Deceuninck–Quick-Step Italian Elia Viviani
62%
2019 EuroEyes Cyclassics Deceuninck–Quick-Step Italian Elia Viviani
62%
2013 Vattenfall Cyclassics Argos–Shimano German John Degenkolb
62%
2014 Gent–Wevelgem Giant–Shimano German John Degenkolb
62%
2015 Milan–San Remo Team Giant–Alpecin German John Degenkolb
62%
2015 Paris–Roubaix Team Giant–Alpecin German John Degenkolb
62%
2016 Tour de Suisse Astana Colombian Miguel Ángel López
62%
2019 Volta a Catalunya Astana Colombian Miguel Ángel López
62%
2014 Paris–Roubaix Omega Pharma–Quick-Step Dutch Niki Terpstra
61%
2016 Eneco Tour Etixx–Quick-Step Dutch Niki Terpstra
61%
2018 E3 Harelbeke Quick-Step Floors Dutch Niki Terpstra
61%
2018 Tour of Flanders Quick-Step Floors Dutch Niki Terpstra
61%
2012 TTT World Championships Belgian Omega Pharma–Quick-Step
61%
2013 TTT World Championships Belgian Omega Pharma–Quick-Step
61%
2018 World Tour Team Champion Belgian Quick-Step Floors
61%
2012 GP de Montréal Team Sky Norweigen Edvald Boasson Hagen
59%
2013 World Tour Team Champion Spanish Movistar Team
59%
2014 World Tour Team Champion Spanish Movistar Team
59%
2015 World Tour Team Champion Spanish Movistar Team
59%
2016 World Tour Team Champion Spanish Movistar Team
59%
2012 World Tour Team Champion British Team Sky
59%
2017 World Tour Team Champion Team Sky
59%
2019 Tour de Pologne Team Ineos Russian Pavel Sivakov
58%
2018 Tour Down Under Mitchelton–Scott South African Daryl Impey
54%
2019 Tour Down Under Mitchelton–Scott South African Daryl Impey
54%
2019 World Tour Nations Champion Belgium
53%
2016 EuroEyes Cyclassics Orica–GreenEDGE Australian Caleb Ewan
53%
2014 Tour de Pologne Tinkoff–Saxo Polish Rafał Majka
53%
2015 GP de Québec Etixx–Quick-Step Colombian Rigoberto Uran
53%
2012 World Tour Nations Champion Spain
53%
2013 World Tour Nations Champion Spain
53%
2014 World Tour Nations Champion Spain
53%
2015 World Tour Nations Champion Spain
53%
2016 World Tour Nations Champion Spain
53%
2012 Tour Down Under GreenEDGE Cycling Australian Simon Gerrans
51%
2012 Milan–San Remo GreenEDGE Cycling Australian Simon Gerrans
51%
2012 GP de Québec GreenEDGE Cycling Australian Simon Gerrans
51%
2014 Tour Down Under Orica–GreenEDGE Australian Simon Gerrans
51%
2014 Liège–Bastogne–Liège Orica–GreenEDGE Australian Simon Gerrans
51%
2014 GP de Québec Orica–GreenEDGE Australian Simon Gerrans
51%
2014 GP de Montréal Orica–GreenEDGE Australian Simon Gerrans
51%
2016 Tour Down Under Orica–GreenEDGE Australian Simon Gerrans
51%
2018 Strade Bianche Lotto-Soudal Belgian Tiesj Benoot
51%
2016 Liège–Bastogne–Liège Team Sky Dutch Wout Poels
51%
2017 Dwars door Vlaanderen Quick-Step Floors Belgian Yves Lampaert
51%
2018 Dwars door Vlaanderen Quick-Step Floors Belgian Yves Lampaert
51%
2017 Tour of California LottoNL–Jumbo Kiwi George Bennett
50%
2012 Clásica de San Sebastián Rabobank Spanish Luis Leon Sanchez
50%
2012 Tour of the Basque Country Euskaltel–Euskadi Spanish Samuel Sanchez
50%
2013 Vuelta a España RadioShack-Leopard American Chris Horner
49%
2016 GP Ouest-France IAM Cycling Belgian Oliver Naesen
49%
2018 Bretagne Classic Ouest–France AG2R La Mondiale Belgian Oliver Naesen
49%
2016 Il Lombardia Orica–GreenEDGE Colombian Esteban Chaves
48%
2014 TTT World Championships American BMC Racing Team
47%
2015 TTT World Championships American BMC Racing Team
47%
2015 Tour de Romandie Team Katusha Russian Ilnur Zakarin
47%
2014 Eneco Tour Lotto–Belisol Belgian Tim Wellens
47%
2015 Eneco Tour Lotto–Soudal Belgian Tim Wellens
47%
2015 GP de Montréal Lotto-Soudal Belgian Tim Wellens
47%
2016 Tour de Pologne Lotto–Soudal Belgian Tim Wellens
47%
2017 Tour of Guangxi Lotto-Soudal Belgian Tim Wellens
47%
2016 Paris–Roubaix Orica–GreenEDGE Australian Mathew Hayman
46%
2012 Giro d'Italia Garmin–Sharp Canadian Ryder Hesjedal
46%
2011 World Tour Nations Champion Italy
45%
2019 Three Days of Bruges–De Panne Team Jumbo–Visma Dutch Dylan Groenewegen
44%
2018 Omloop Het Nieuwsblad Astana Danish Michael Valgren
44%
2018 Amstel Gold Race Astana Danish Michael Valgren
44%
2018 Paris–Nice Movistar Team Spanish Marc Soler
43%
2013 Amstel Gold Race Saxo–Tinkoff Czech Roman Kreuziger
43%
2018 RideLondon–Surrey Classic Bora–Hansgrohe German Pascal Ackermann
42%
2019 Eschborn–Frankfurt Bora–Hansgrohe German Pascal Ackermann
42%
2011 Volta a Catalunya Lampre–ISD Italian Michele Scarponi
41%
2011 Giro d'Italia Lampre–ISD Italian Michele Scarponi
41%
2011 Eneco Tour Sky Procycling Norwegian Edvald Boasson Hagen
39%
2011 Vattenfall Cyclassics Sky Procycling Norwegian Edvald Boasson Hagen
39%
2012 GP Ouest-France Team Sky Norweigen Edvald Boasson Hagen
39%
2018 Tour of Guangxi Team Sky Italian Gianni Moscon
39%
2017 Paris–Nice Team Sky Colombian Sergio Henao
39%
2019 Bretagne Classic Ouest–France EF Education First Belgian Sep Vanmarcke
38%
2017 GP de Montréal UAE Team Emirates Italian Diego Ulissi
37%
2017 Presidential Tour of Turkey UAE Team Emirates Italian Diego Ulissi
37%
2013 GP de Québec Belkin Pro Cycling Dutch Robert Gesink
36%
2019 Tour of the Basque Country Astana Spanish Ion Izagirre
34%
2015 Tour Down Under BMC Racing Team Australian Rohan Dennis
33%
2012 Amstel Gold Race Astana Italian Enrico Gasparotto
32%
2016 Amstel Gold Race Wanty–Groupe Gobert Italian Enrico Gasparotto
32%
2015 Tour de Pologne Movistar Team Spanish Jon Izagirre
32%
2013 Milan–San Remo MTN-Qhubeka German Gerald Ciolek
31%
2011 Milan–San Remo HTC–Highroad Australian Matthew Goss
30%
2014 Critérium du Dauphiné Garmin–Sharp American Andrew Talansky
29%
2011 Paris–Roubaix Team Garmin−Cervélo Belgian Johan Vansummeren
29%
2014 Paris–Nice Ag2r–La Mondiale Colombian Carlos Betancur
28%
2011 Tour of Flanders Saxo Bank–SunGard Belgian Nick Nuyens
28%
2015 Tour de Suisse Team Katusha Slovenian Simon Špilak
28%
2017 Tour de Suisse Team Katusha-Alpecin Slovenian Simon Špilak
28%
2013 La Flèche Wallonne Team Katusha Spanish Daniel Moreno
27%
2019 Presidential Tour of Turkey Bora–Hansgrohe Austrian Felix Großschartner
27%
2011 Vuelta a España Movistar Team Spanish Juan José Cobo
27%
2014 GP Ouest-France IAM Cycling French Sylvain Chavanel
27%
2013 Clásica de San Sebastián RadioShack-Leopard French Tony Gallopin
26%
2017 Tour de Pologne BMC Racing Team Belgian Dylan Teuns
25%
2012 Eneco Tour Rabobank Dutch Lars Boom
25%
2017 BinckBank Tour LottoNL–Jumbo Dutch Lars Boom
25%
2015 Gent–Wevelgem Team Katusha Italian Luca Paolini
25%
2011 World Tour Team Champion Belgian Omega Pharma–Lotto
25%
2012 Volta a Catalunya GreenEDGE Cycling Swiss Michael Albasini
24%
2011 Tour of the Basque Country Team RadioShack German Andreas Klöden
23%
2012 Liège–Bastogne–Liège Astana Kazakhstan Maxim Iglinsky
21%
2011 Tour de Suisse Team RadioShack American Levi Leipheimer
19%
2011 Giro di Lombardia Leopard Trek Swiss Oliver Zaugg
19%
2019 BinckBank Tour Team Jumbo–Visma Dutch Laurens De Plus
18%
2012 Tour de Pologne Liquigas–Cannondale Italian Moreno Moser
15%
2013 GP Ouest-France Lampre–Merida Italian Filippo Pozzato
14%
2017 Great Ocean Road Race Team Sunweb German Nikias Arndt
12%
2013 Tour de Pologne Orica–GreenEDGE Dutch Pieter Weening
12%
2018 Great Ocean Road Race Bora–Hansgrohe Australian Jay McCarthy
11%
2013 Tour Down Under Blanco Dutch Tom-Jelte Slagter
11%
2011 GP Ouest-France Lampre–ISD Slovenian Grega Bole
9%
2013 Tour of Beijing Movistar Team Spanish Beñat Intxausti
6%
2011 Tour Down Under Garmin–Cervélo Australian Cameron Meyer
6%
2018 Presidential Tour of Turkey Euskadi-Murias Spanish Eduard Prades
6%
No matching quizzes found
Score Distribution
Percent of People with Each Score
Percentile by Number Answered
Your Score History
You have not taken this quiz since the last reset